000 00317nam a22001337a 4500
008 181218b xxu||||| |||| 00| 0 eng d
020 _a9780787970604
041 _aeng
080 _a159.9
100 _a49
101 _aPSI
245 _aThe Handbook of Women, Psychology, and the Law
_cBarnes, A
942 _2udc
_cBK
999 _c53468
_d53468